000
00334nam a2200133Ia 4500
008
240624s9999 xx 000 0 und d
041
_a
eng
082
_a
005.3 CUS
100
_a
CUSUMANO MICHAEL A
245
_a
BUSINESS OF SOFTWARE WHAT EVERY MANAGER
260
_c
2004
_a
New York
_b
Free Press
300
_a
352 : p.
365
_c
_b
25
999
_c
21427
_d
21427